000 01484nabaa22002897a 4500
999 _c6170
_d6170
003 OSt
005 20260123213243.0
008 190701b xxu||||| |||| 00| 0 spa d
040 _cPJ
100 _918
_aCassagne, Juan Carlos
245 1 0 _aSobre la constitucionalidad del DNU 70-2023 /
_cJuan C. Cassagne.
300 _ap. 313-323
500 _aCita: TR LALEY AR/DOC/59/2024
505 _aSumario: I. La Constitución es un organismo vivo.— II. El punto de partida: la separación de los poderes.— III. Consecuencias de seguir diferentes interpretaciones sobre la separación de poderes con respecto a la constitucionalidad de los DNU.— IV. Necesidad y estado de necesidad. Los decretos, leyes y la emergencia.— V. Los presupuestos habilitantes exigidos por el art. 99 inc. 3 de la CN.— VI. La constitucionalidad del DNU 70/2023.
505 _t¿Te interesa el texto completo? Comunicate al correo: koha@justierradelfuego.gov.ar
650 0 _9211
_aDERECHO ADMINISTRATIVO
650 0 _9200
_aDECRETOS DE NECESIDAD Y URGENCIA
650 0 _9614
_aDERECHOS HUMANOS
650 0 _94597
_aCONSTITUCIONALIDAD
650 0 _91183
_aLEGISLACION
650 0 _9187
_aDELEGACION LEGISLATIVA
650 0 _9199
_aLEY DE EMERGENCIA
650 0 _9766
_aCONSTITUCION NACIONAL
650 0 _9179
_aGARANTIAS CONSTITUCIONALES ›
773 0 _02842
_93251
_dBuenos Aires : AbeledoPerrot, 2012-
_oDA121
_tDerecho administrativo. Nº 152 marzo/abril 2024
_z18510590
942 _2udc
_cANA